| 000 | 01016nam a22002417a 4500 | ||
|---|---|---|---|
| 999 |
_c65074 _d65074 |
||
| 005 | 20240530110805.0 | ||
| 008 | 190115s2018 ua a g 000 0 ara d | ||
| 017 |
_a2017/19459 _bمصر. دار الكتب |
||
| 020 | _a9789777357357 | ||
| 040 |
_aEG-CaGPL _cEG-CaGPL |
||
| 082 | 0 | 4 |
_221 _a910.01 / _bع ف |
| 100 | 0 | _aعمر محمد على محمد | |
| 245 | 1 | 2 |
_aالفكر الجغرافى بين الاصولية والمنهجية والمعاصرة / _cعمر محمد على محمد ؛ تقديم وفيق محمد جمال الدين ابراهيم |
| 250 | _aط.1 | ||
| 260 |
_aالاسكندرية : _bدار الوفاء لدنيا الطباعة و النشر، _c2018 . |
||
| 300 |
_a490 ص. : _bايض ؛ _c24 سم. |
||
| 650 | 0 | 7 |
_2qrmak _aالفكر الجغرافى _xتاريخ |
| 650 | 0 | 7 |
_aالفكر الجغرافى _2qrmak |
| 651 | _2qrmak | ||
| 700 | 0 |
_aوفيق محمد جمال الدين ابراهيم _eمقدم |
|
| 942 |
_2ddc _cBK |
||